| 000 | 00899nas a2200289 4500 | ||
|---|---|---|---|
| 001 | BR2013008252 | ||
| 003 | BR-BrBNA | ||
| 005 | 20231205123046.0 | ||
| 007 | ta | ||
| 008 | 230509b bl.|||p| |||| 00| 00por d | ||
| 040 |
_aBR-BrBNA _bpor _cBiblioteca Nacional de Agricultura |
||
| 041 | _a(Pt) | ||
| 072 | _aL70; L73 | ||
| 100 | 1 | _aAssis, R.C.L. | |
| 100 | 1 | _aLuns, F.D. | |
| 100 | 1 | _aCury, M.C. | |
| 245 | 1 | _aDesinfecção com amônia quaternária associada à fermentação não potencializa o controle de coccidiose em cama de frango | |
| 650 | _aAVICULTURA | ||
| 650 | _aCAMA DE GALINHEIRO | ||
| 650 | _aDOENÇA ANIMAL | ||
| 650 | _aCOCCIDIOSE | ||
| 650 | _aVETERINÁRIA | ||
| 650 | _aSANIDADE ANIMAL | ||
| 773 | 0 |
_tCiência Rural (Brazil) _xISSN 0103-8478 _g(Aug 2013), v. 43(8) p. 1459-1463 _wBR2013008252 |
|
| 909 |
_a202311 _bLúcia _c55 _dLúcia Elande |
||
| 942 |
_2AGRIS _n0 _cANA |
||
| 999 |
_c231977 _d231977 |
||